| 000 | 00468nam a22001817a 4500 | ||
|---|---|---|---|
| 999 |
_c530148 _d530148 |
||
| 003 | NUST | ||
| 005 | 20191011101720.0 | ||
| 020 | _a 0415485711 | ||
| 024 | _a978-0415485715 | ||
| 038 | _aMSOHAIL | ||
| 082 | _a0 | ||
| 100 |
_aSusan E. Owens _923517 |
||
| 245 | _aLand and Limits: Interpreting Sustainability in the Planning Process | ||
| 250 | _a2nd | ||
| 260 |
_aNewYork _bTaylor and Frances Group _cc2002 |
||
| 300 |
_a244,p; _c29cm _eH.B. |
||
| 942 |
_2ddc _cBK _e2nd |
||